|
|
|
|
| LEADER |
00000nsc a2200000 a 4500 |
| 001 |
A3734 |
| 005 |
20240112062717.0 |
| 008 |
012120|2008 ||||||||r|||||||||||spa|| |
| 020 |
|
|
|a 9788446015604
|
| 040 |
|
|
|b spa
|
| 041 |
1 |
|
|a spa
|
| 082 |
0 |
|
|a 792.8
|
| 100 |
1 |
|
|a Duncan, Isadora
|9 266685
|
| 245 |
0 |
0 |
|a El arte de la danza
|c Isadora Duncan y José Antonio Sánchez, colaborador
|h imp
|n No. 19
|
| 264 |
|
|
|a Madrid
|b Ediciones Akal
|c 2008
|
| 300 |
|
|
|a 190 páginas:
|b ilu
|c 23 cm
|
| 490 |
0 |
0 |
|a Fuentes de Arte
|
| 504 |
|
|
|a incl. ref.
|
| 520 |
3 |
|
|a Los escritos sobre danza de Isadora Duncan constituyen una de las más brillantes reflexiones de una coreografa sobre su trabajo
|
| 650 |
|
|
|a Arte
|9 266686
|
| 650 |
|
7 |
|a Danza
|9 5832
|
| 650 |
|
|
|a Danza moderna
|9 190290
|
| 650 |
|
|
|a Escritos sobre danza
|9 266687
|
| 852 |
|
|
|a UC-YANUNCAY
|c SALA 2 ARTES
|f Compra
|k bcabrera
|l 1
|m General
|p 20121205
|q 9,55
|r 2
|t A3734
|b 0
|d CDRY
|e CDRY
|g 792.8 SALA 2 ARTES
|z 2012-21-20
|
| 942 |
|
|
|0 3
|
| 999 |
|
|
|c 133431
|d 133431
|